000
00331nam a2200145Ia 4500
005
20251222153618.0
008
251222s9999||||xx |||||||||||||| ||spa||
020
_a
8486478693
082
_a
791.437.2/M12
100
_a
McCourt, Frank
245
0
_a
Las Cenizas de Ángela
250
_a
31ra. ed.
264
_b
Meva
942
_c
LIB
999
_c
31882
_d
31882